00442cam a2200157ua 450000100060000000800390000602000180004504000090006308200110007210000240008324500740010725000110018126000450019230000100023765300370024711903191116n ii |||gr||||Z||||||eng a9789985099035 cMAIN a809.03 aY.S.Reddy,eEditor. aEncyclopedia of Post colonial Literary CriticismcEdited by Y.S.Reddy bvol.2. aNew Delhi:bQuality Publications,c2014. a272p. aHistory, description & criticism